000 01509nab a22003137a 4500
999 _c6372
_d6372
003 OSt
005 20260131211828.0
008 190603e xxum|||| |||| 00| 0 spa d
040 _cPJ
100 _96352
_aJagou, Vanesa S.
245 1 0 _aPrevisibilidad contractual, responsabilidad del proveedor y "deber de colaboración" en un caso sobre incumplimiento contractual /
_cVanesa Jagou.
260 _cCiudad Autónoma de Buenos Aires :
_aThomson Reuters La Ley,
_b2025.
300 _ap. 315-330
500 _aCita: TR LALEY AR/DOC/2859/2025 Publicado en: RCCyC 2025 (Diciembre).
505 _aSumario: I. Introducción.— II. Resumen del caso en comentario.— III. Análisis del caso en comentario.— IV. Conclusiones.
505 _aFallo comentado: CNCom., sala C ~ 16/07/2025 ~ Luetich, Favio Claudio c. Autos del Sur SA y otros s/ ordinario.
505 _t¿Te interesa el texto completo? Solicitalo al correo: koha@justierradelfuego.gov.ar
650 0 _aDEFENSA DEL CONSUMIDOR
_92597
650 0 _aDERECHOS DEL CONSUMIDOR
_92608
650 0 _aRESPONSABILIDAD CONTRACTUAL
_93726
650 0 _aDEBER DE INFORMACIÓN
_93951
650 0 _aDAÑOS Y PERJUICIOS
_92823
650 0 _aRESPONSABILIDAD SOLIDARIA
_94951
650 0 _aCONTRATOS
_93463
650 0 _aRESCISION DEL CONTRATO
_96376
650 0 _aPREVISIBILIDAD
773 0 _02713
_93170
_dCiudad Autónoma de Buenos Aires : Thomson Reuters La Ley, 2015-
_tRevista Código Civil y Comercial. Nº 6 - Diciembre 2025
942 _2udc
_cANA